Responses for show #3577 - Tuesday, March 7, 2000

Contestants

Rocco Sinisi, a police officer from Rockville Centre, New York

Drew Karpyshyn, a graduate student from Edmonton, Alberta

Susan Caylor, an account manager from Atlanta, Georgia (whose 4-day cash winnings total $44,301)

Jeopardy! Round responses

FIRST THINGS FIRST
(Alex: Obviously!)
HE'S MY SECRETARY OF STATE!
(Alex: You have to name the U.S. president, of course!)
GHOST STORIES
BIOLOGY
U.S.A.
TOOL TIME?
    $100 19
Air mail stamp

Susan
    $100 11
Bill Clinton

Drew
    $100 12
Patrick Swayze

Rocco
    $100 6
(R: What is the fetus?)

Yolk

DrewRocco
    $100 1
Eleanor Roosevelt

Rocco
    $100 24
Drill

Drew
    $200 20
Envelope

Drew
    $200 17
Ronald Reagan

Rocco
    $200 13
(D: What is "The Amityville Horror?")

Poltergeist

DrewRocco
    $200 7
Chlorophyll

Drew
    $200 2
State song

Rocco
    $200 25
(less than a minute to go...)

The pick

Susan
    $300 21
Philadelphia

Drew
    $300 18
(R: Who was Kennedy?)

Dwight D. Eisenhower

SusanRocco
    $300 14
(Susan: Who is...)

Beetlejuice

SusanRocco
    $800 8
Louis Pasteur

Drew
    $300 3
Chicago

Susan
    $300 26
Saw

Rocco
    $400 22
Dungeons and Dragons

Drew
    $400 29
John F. Kennedy

Susan
    $400 15
Casper

Rocco
    $400 9
Mutation

Drew
    $400 4
San Francisco

Rocco
    $400 27
Snake

Drew
    $500 23
(S: What is tobacco paper?)

Aluminum foil

Susan
Triple Stumper
    $500 30
(Alex: Susan, you'd better get that one!)

Jimmy Carter

Susan
    $500 16
Ghostbusters

Rocco
    $500 10
(R: What is a mosquito?)

Fruit fly

SusanRocco
    $500 5
(S: What is Minnesota?)

Vermont

SusanDrew
    $500 28
(D: What are triads?)

Tongs

Drew
Triple Stumper

Scores at the first commercial break (after clue 14):

Susan Drew Rocco
$0 $1,900 $700

Scores at the end of the Jeopardy! Round:

Susan Drew Rocco
$1,000 $2,800 $1,800

Double Jeopardy! Round responses

DANCE
STAMPS CELEBRATE THE 19-AUGHTS
SPORTS STARS
NATIONS' MOST POPULOUS CITIES
WHO WANTS TO BE A MILLIONAIRE?
"I" DO
    $200 6
(D: What is flamenco?)

Bolero

SusanDrew
    $200 22
Teddy Roosevelt

Susan
    $200 8
Mike Tyson

Susan
    $200 1
Buenos Aires

Susan
    $200 11
Rich Girl

Susan
    $200 13
Inferno

Susan
    $400 7
German

Drew
    $400 26
St. Louis

Susan
    $400 10
Payne Stewart

Susan
    $400 2
Prague

Susan
    $400 12
(D: What is her chauffeur?)

Butler

DrewRocco
    $400 16
International Brotherhood of Electrical Workers

Triple Stumper
    $600 9
Vogue

Drew
    $600 27
John Muir

Susan
    $600 17
Stan Musial

Drew
    $600 3
(S: What is Rio de Janeiro?)

Sao Paulo

SusanRocco
    $600 14
Ear

Susan
    $600 20
Icarus

Rocco
    $1,000 24
(S: Who is Tommy Tune?)

Savion Glover

Susan
    $800 28
The Great Train Robbery

Rocco
    $800 18
Tim Duncan

Drew
    $800 4
(R: What is Geneva?)

Zurich

DrewRocco
    $800 15
Yacht

Rocco
    $800 21
Imbibing

Rocco
    $1000 25
Vernon & Irene Castle

Susan
    $1000 30
Prairie Style

Triple Stumper
    $1000 19
(D: Who is Sharina Sparks?)

Lisa Leslie

Drew
Triple Stumper
    $1000 5
(D: What is Johannesburg?)

Cape Town

SusanDrew
    $1000 23
Dodi Al-Fayed

Susan
    $1,500 29
Henrik Ibsen

Rocco

Scores at the end of the Double Jeopardy! Round:

Susan Drew Rocco
$6,000 $3,400 $6,500

[wagering suggestions for these scores]

Final Jeopardy! Round responses

MUSICAL INSTRUMENTS
(Alex: I can tell you now that if you wrote down "What is a trombone?" or "What is a cello?", you're wrong!)
DrewWhat is a flute?
$600
SusanWhat is a flute?
$5,900
RoccoWhat is a flute
$5,500
Flute

Final scores:

Susan Drew Rocco
$11,900 $4,000 $12,000
2nd place: Mercedes-Benz Mountain Bike 3rd place: Panasonic 27" TV/DVD/VCR Combo New champion: $12,000

Game dynamics:

Coryat scores:

Susan Drew Rocco
$7,000 $2,900 $6,000
21 R,
5 W
(including 1 DD)
16 R
(including 1 DD),
6 W
17 R
(including 1 DD),
4 W

Combined Coryat: $15,900

The J! Archive is created by fans, for fans. The Jeopardy! game show and all elements thereof, including but not limited to copyright and trademark thereto, are the property of Jeopardy Productions, Inc. and are protected under law. This website is not affiliated with, sponsored by, or operated by Jeopardy Productions, Inc. Join the discussion at JBoard.tv.